Państwa generujące najwięcej odpadów w Europie - Statystyki

Ogólne statystyki
  • Ten quiz został rozwiązany 270 razy
  • Średni wynik to 5 z 10
Statystyki odpowiedzi
Odpady komunalne na osobę Kraj % Poprawnych
633 kg Niemcy
100%
748 kg Norwegia
66%
570 kg Austria
60%
781 kg Dania
59%
706 kg Szwajcaria
55%
581 kg Irlandia
52%
656 kg Islandia
51%
607 kg Luksemburg
40%
604 kg Malta
30%
637 kg Cypr
20%
Nie znaleziono quizów pasujących do podanych kryteriów
Rozkład punktacji
Procent ludzi z każdym wynikiem
Percentyl według liczby udzielonych odpowiedzi
Twoja historia wyników
Nie rozwiązałeś tego quizu